Declaración de Managua

Enregistré dans:
Détails bibliographiques
Format: Texte
Tags: Ajouter un tag
Pas de tags, Soyez le premier à ajouter un tag!

MARC

LEADER 00000 a a2200000 04500
001 1813
003
040
245 |a Declaración de Managua  
773 |g número 1; página 6  
999 |c 39555  |d 39555